Online Catalogue and eLibrary

Hindu religion ,customs and manners : (Record no. 945)

MARC details
000 -LEADER
fixed length control field 00333nam a2200097Ia 4500
008 - FIXED-LENGTH DATA ELEMENTS--GENERAL INFORMATION
fixed length control field 240331s9999 xx 000 0 und d
082 ## - DDC Classification
Class No. 297.5
Item Number - Author Mark THO
100 ## - MAIN ENTRY--PERSONAL NAME
Personal name Thomas, P
245 #0 - TITLE STATEMENT
Title Hindu religion ,customs and manners :
Remainder of title Describing the Customs and Manners, Religion, Social and Domestic life,Arts and Sciences of the Hindus
942 ## - Koha item type (Biblio)
Koha item type Books in Stacks (Lending)
Holdings
Lost status Damaged status Collection code Home library Current library Shelving location Date acquired Full call number Accession Number Item type
    Lending WERC Library WERC Library Social Science Cupboard 03/31/2024 297.5 THO 3269 Books in Stacks (Lending)

© WERC Library